000 00576nam a22002177a 4500
003 UA-OsUOA
001 44448
007 ta
008 20070222b un ||||| |||| 00| 0 ukr d
100 _aКалина М.
090 _a32
_bК-11
942 _cSA
040 _aUA-OsUOA
_bukr
_cUA-OsUOA
_dUA-OsUOA
245 _aПерспективи державної єврінеграційної політики: Європа та Україна
300 _aС.259-270
955 _a0
041 _aukr
080 _a32
773 0 _w44441
650 7 _a32 Політика
_2UDC
999 _c330560
_d330560